| 000 | 00857nam a22002055i 4500 | ||
|---|---|---|---|
| 001 | 166587 | ||
| 003 | ES-MaACL | ||
| 005 | 20230906213349.0 | ||
| 008 | 050823s1697 fr | |||||||| ||fre d | ||
| 040 |
_aCAM _bspa _cCAM |
||
| 245 | 0 | 0 |
_aTraité de suspension d'armes en Italie _b: Conclu à Vigevano le septiéme Octobre 1696. |
| 260 |
_aA Paris : _bde l'Imprimerie de Frederic Leonard ..., _c1697. |
||
| 300 |
_a36 p. ; _c26 cm. |
||
| 505 | 8 | _aContiene con port. propia: Contrat de mariage du monseigneur le duc de Bourgogne avec madame la Princesse de Savoye (pp. 17-36) | |
| 597 | _aSign.: A-D4, E2. | ||
| 597 | _aPort. con escudo real xil. | ||
| 740 | 0 | _aContrat de mariage du monseigneur le duc de Bourgogne avec madame la Princesse de Savoye. | |
| 752 |
_aFrancia - _dParís |
||
| 852 |
_aES-MaACL _jR-1136(3) _z-- Enc. hol. _x-- Olim: G-9998 |
||
| 999 |
_c166587 _d166587 |
||